000 00590nam a2200217Ia 4500
008 160901s9999 xx 000 0 und d
020 _a978-981-069792-1
050 _aComSc QA 76.6
050 _b.D3H64 2010
100 _aHoffer, Jeffrey A.
245 _aModern database management /
245 _cJeffrey A. Hoffer, Mary B. Prescott, Heikki Topi.
260 _aSingapore :
260 _bPearson Education Asia Pte. Ltd.,
260 _c2010
300 _a729 pages :
300 _bill. ;
300 _c26 cm.
500 _aIncludes index.
650 _aDatabase management.
999 _c300920
_d300920